Smart textiles : (Record no. 168128)

MARC details
000 -LEADER
fixed length control field 00769cam a2200241Mi 4500
008 - FIXED-LENGTH DATA ELEMENTS--GENERAL INFORMATION
fixed length control field
020 ## - INTERNATIONAL STANDARD BOOK NUMBER
International Standard Book Number 9783319501239 (hbk.)
049 ## - LOCAL HOLDINGS (OCLC)
Holding library MAIN
090 ## - LOCALLY ASSIGNED LC-TYPE CALL NUMBER (OCLC); LOCAL CALL NUMBER (RLIN)
Classification number (OCLC) (R) ; Classification number, CALL (RLIN) (NR) TA418.9
Local cutter number (OCLC) ; Book number/undivided call number, CALL (RLIN) SMA
003 - CONTROL NUMBER IDENTIFIER
control field
005 - DATE AND TIME OF LATEST TRANSACTION
control field 20230123141126.0
040 ## - CATALOGING SOURCE
Transcribing agency NUST
245 00 - TITLE STATEMENT
Title Smart textiles :
Remainder of title fundamentals, design, and interaction /
Statement of responsibility, etc. edited by Stefan Schneegass and Oliver Amft.
260 ## - PUBLICATION, DISTRIBUTION, ETC.
Place of publication, distribution, etc. Cham :
Name of publisher, distributor, etc. Springer,
Date of publication, distribution, etc. 2017
300 ## - PHYSICAL DESCRIPTION
Extent ix, 396p. :
Other physical details ill. (some col. ) ;
Dimensions 24 cm.
490 1# - SERIES STATEMENT
Series statement Human-computer interaction series.
504 ## - BIBLIOGRAPHY, ETC. NOTE
Bibliography, etc. note Includes bibliographical references.
650 #0 - SUBJECT ADDED ENTRY--TOPICAL TERM
Topical term or geographic name entry element Electronic textiles
700 1# - ADDED ENTRY--PERSONAL NAME
Personal name Schneegass, Stefan.
700 1# - ADDED ENTRY--PERSONAL NAME
Personal name Amft, Oliver.
907 ## - LOCAL DATA ELEMENT G, LDG (RLIN)
a .b10392944
b 26-09-18
c 26-09-18
942 ## - ADDED ENTRY ELEMENTS (KOHA)
Koha item type Ordinary Loan Books
Call number prefix TA418.9
Call number suffix SMA
Holdings
Date last seen Total Checkouts Full call number Barcode Cost, replacement price Price effective from Koha item type Lost status Source of classification or shelving scheme Damaged status Not for loan Collection Withdrawn status Home library Current library Shelving location Date acquired Cost, normal purchase price
01/23/2023   TA418.9 SMA 92004044962 80.00 01/23/2023 BOOKS   LCC     NFIC   MAIN MAIN GEN 01/23/2023 80.00